000 00337nam a2200145Ia 4500
008 150201s2013 xx 000 0 und d
082 _a612
_bM13H
100 _aHALL, JOHN E.
245 _aTB. OF MEDICAL PHYSIOLOGY
250 _a1ST
260 _bELSEVIER
_aINDIA
_c2013
300 _a907
650 _aPHYSIOLOGY
942 _2ddc
_cBK
_017
999 _c2154
_d2154